| 000 | 00499nam a22001937a 4500 | ||
|---|---|---|---|
| 003 | OSt | ||
| 005 | 20151029101612.0 | ||
| 008 | 130311t xxu||||| |||| 00| 0 eng d | ||
| 020 | _a9780140623376 | ||
| 050 |
_aPR 2807 _b.Sh527 2001 |
||
| 082 |
_aIB 822.33 _bSh1 2001 |
||
| 100 | _aShakespeare, William | ||
| 245 |
_aHamlet _cWilliam Shakespeare. |
||
| 260 |
_aLondon : _bThomson Learning, _cc2001. |
||
| 300 |
_axvii, 190 pages ; _c18 cm. |
||
| 562 | _e1 | ||
| 942 |
_2lcc _cBK |
||
| 999 |
_c2322 _d2322 |
||